Success in investment

Bibliographic Details
Main Author: Winfield, R. G.
Other Authors: Curry, S. J.
Format: Book
Published: London : John Murray , c1981
Subjects:

MARC

LEADER 00000cam a2200000 7i4500
001 0000000309
005 20050505.0
020 |a 0719538394 
040 |a INS 
090 0 0 |a HG5432.   |b W56 1981 
100 1 |a Winfield, R. G. 
245 1 0 |a Success in investment   |c R. G. Windfield 
260 |a London :   |b John Murray ,   |c c1981 
300 |a xi, 365p. :   |b ill. ;   |c 22 cm. 
650 0 0 |a Investments   |x Study and teaching 
700 1 |a Curry, S. J. 
999 |a 0000000230   |b BOOK   |c Open Shelf   |e Default branch